LEADER 00980nam0-22003371i-450- 001 990003857920403321 005 20080115114851.0 010 $a0-231-05756-3 035 $a000385792 035 $aFED01000385792 035 $a(Aleph)000385792FED01 035 $a000385792 100 $a20030910d--------km-y0itay50------ba 101 0 $aita 102 $aIT 200 1 $aEmploying Bureaucracy$eManagers, Unions, and the Transformation of Work in American Industry, 1900-1945$fSanford M. Jacoby. 210 $aNew York$cColumbia University Press$d1985. 215 $aix, 377 p.$d23 cm 610 0 $aLavoro$aStati Uniti 610 0 $aStati Uniti$aStoria economica$aSec.XX 676 $aE/5 676 $aF/1.221 676 $aG/2.4 700 1$aJacoby,$bSanford M.$0146267 801 0$aIT$bUNINA$gRICA$2UNIMARC 901 $aBK 912 $a990003857920403321 952 $aE/5 JAC$b4905$fSES 959 $aSES 996 $aEmploying Bureaucracy$9515054 997 $aUNINA LEADER 01014nam--2200373---450- 001 990003065070203316 005 20080214130015.0 010 $a88-359-4580-1 035 $a000306507 035 $aUSA01000306507 035 $a(ALEPH)000306507USA01 035 $a000306507 100 $a20080214d1998----km-y0itay50------ba 101 $aita 102 $aIT 105 $a||||||||001yy 200 1 $a<> sport$fGuido Panico 210 $aRoma$cEditori riuniti$d1998 215 $a191 p.$cill.$d22 cm 225 2 $aStoria fotografica della societa italiana$iI temi 410 0$12001$aStoria fotografica della societa italiana$iI temi 454 1$12001 461 1$1001-------$12001 606 0 $aSport$xFotografie 676 $a796.0945 700 1$aPANICO,$bGuido$0128220 801 0$aIT$bsalbc$gISBD 912 $a990003065070203316 951 $aO415$b331 DBC$cO415 959 $aBK 969 $aDBC 979 $aDBC$b90$c20080214$lUSA01$h1300 996 $aSport$91022659 997 $aUNISA LEADER 03459nam 2200673Ia 450 001 9910451136803321 005 20210610213410.0 010 $a1-281-12547-4 010 $a9786611125479 010 $a0-226-14412-7 024 7 $a10.7208/9780226144122 035 $a(CKB)1000000000406885 035 $a(EBL)408456 035 $a(OCoLC)476229104 035 $a(SSID)ssj0000243564 035 $a(PQKBManifestationID)11173518 035 $a(PQKBTitleCode)TC0000243564 035 $a(PQKBWorkID)10159596 035 $a(PQKB)10292663 035 $a(StDuBDS)EDZ0000119069 035 $a(MiAaPQ)EBC408456 035 $a(DE-B1597)524663 035 $a(OCoLC)1055414722 035 $a(DE-B1597)9780226144122 035 $a(Au-PeEL)EBL408456 035 $a(CaPaEBR)ebr10209956 035 $a(CaONFJC)MIL112547 035 $a(EXLCZ)991000000000406885 100 $a20031021d2004 uy 0 101 0 $aeng 135 $aur||#|||||||| 181 $ctxt 182 $cc 183 $acr 200 10$aSelected letters, orations, and rhetorical dialogues$b[electronic resource] /$fMadeleine de Scude?ry ; edited and translated by Jane Donawerth and Julie Strongson 210 $aChicago $cUniversity of Chicago Press$d2004 215 $a1 online resource (208 p.) 225 1 $aOther voice in early modern Europe 300 $aDescription based upon print version of record. 311 0 $a0-226-14404-6 311 0 $a0-226-14403-8 320 $aIncludes bibliographical references (p. 39-43) and index. 327 $tFront matter --$tCONTENTS --$tACKNOWLEDGMENTS --$tTHE OTHER VOICE IN EARLY MODERN EUROPE: INTRODUCTION TO THE SERIES --$tVOLUME EDITORS' INTRODUCTION --$tVOLUME EDITORS' BIBLIOGRAPHY --$tMODEL LETTERS FROM "AMOROUS LETTERS "(1641) --$tFICTIONAL ORATIONS FROM "FAMOUS WOMEN"(1665) --$tRHETORICAL DIALOGUES --$tSERIES EDITORS' BIBLIOGRAPHY --$tINDEX 330 $aMadeleine de Scudéry (1607-1701) was the most popular novelist in her time, read in French in volume installments all over Europe and translated into English, German, Italian, and even Arabic. But she was also a charismatic figure in French salon culture, a woman who supported herself through her writing and defended women's education. She was the first woman to be honored by the French Academy, and she earned a pension from Louis XIV for her writing. Selected Letters, Orations, and Rhetorical Dialogues is a careful selection of Scudéry's shorter writings, emphasizing her abilities as a rhetorical theorist, orator, essayist, and letter writer. It provides the first English translations of some of Scudéry's Amorous Letters, only recently identified as her work, as well as selections from her Famous Women, or Heroic Speeches, and her series of Conversations. The book will be of great interest to scholars of the history of rhetoric, French literature, and women's studies. 410 0$aOther voice in early modern Europe. 606 $aFrench literature$y17th century 608 $aElectronic books. 615 0$aFrench literature 676 $a843/.7 700 $aScude?ry$b Madeleine de$f1607-1701.$0403267 701 $aDonawerth$b Jane$f1947-$0542807 701 $aStrongson$b Julie$0997791 801 0$bMiAaPQ 801 1$bMiAaPQ 801 2$bMiAaPQ 906 $aBOOK 912 $a9910451136803321 996 $aSelected letters, orations, and rhetorical dialogues$92288397 997 $aUNINA